Sports Quiz

Random Sports or NFL Quiz

Scientifically Named Mascots Quiz Stats

 Plays Quiz Updated Aug 31, 2019

Score 0/27 Timer 10:00
3 Plays Today
Scientific Name Location % Correct
Cardinalis cardinalisArizona/St. Louis
85.1%
Falco peregrinusAtlanta
79.8%
Panthera tigris tigrisCincinnati/Detroit
76.8%
Panthera leoDetroit
75.3%
Bos taurusChicago
74.7%
Panthera pardusCarolina/Florida
70%
Ursus arctosBoston/Memphis/Chicago
67.4%
Canis lupusMinnesota
64.7%
Pelecanus occidentalisNew Orleans
64.4%
Equus ferus caballusDenver
63.1%
Manta birostrisTampa Bay
50.1%
Panthera oncaJacksonville
47.2%
Corvus coraxBaltimore
32.4%
Cyanocitta cristataToronto
26.6%
Scientific Name Location % Correct
Canis latransArizona
26.5%
Ovis canadensisLos Angeles
24.2%
Spheniscus humboldtiPittsburgh
22.2%
Haliaeetus leucocephalusPhiladelphia
21.6%
Carcharodon carchariasSan Jose
21.2%
Tursiops truncatusMiami
20.9%
Vespa crabroCharlotte
19.8%
Icterus galbulaBaltimore
19.1%
Pandion haliaetusSeattle
19%
Anas platyrhynchosAnaheim
18.3%
Makaira nigricansMiami
18.2%
Crotalus atroxArizona
16.9%
Buteo jamaicensisAtlanta
16.8%

You're not logged in!

Compare scores with friends on all Sporcle quizzes.
OR
Log In

Sporcle TV

Today on Sporcle TV


Watch our educational content, quiz creation guides, and fun videos on Sporcle TV.

Show Comments

Extras

Top Quizzes Today


Score Distribution

Your Account Isn't Verified!

In order to create a playlist on Sporcle, you need to verify the email address you used during registration. Go to your Sporcle Settings to finish the process.

Report this User

Report this user for behavior that violates our Community Guidelines.

Details: